5HLuxD.jpg

KING HENRY VIII SENIOR AND PRIMARY SCHOOL LIBRARY OPAC

Sistem Pencernaan yang Sihat / (Record no. 3393)

000 -LEADER
fixed length control field 00607nam a22002177a 4500
003 - CONTROL NUMBER IDENTIFIER
control field OSt
005 - DATE AND TIME OF LATEST TRANSACTION
control field 20231219161332.0
008 - FIXED-LENGTH DATA ELEMENTS--GENERAL INFORMATION
fixed length control field 231219b ||||| |||| 00| 0 eng d
020 ## - INTERNATIONAL STANDARD BOOK NUMBER
International Standard Book Number 9789670697512
040 ## - CATALOGING SOURCE
Transcribing agency KH8
082 ## - DEWEY DECIMAL CLASSIFICATION NUMBER
Classification number 400 NUR
100 ## - MAIN ENTRY--PERSONAL NAME
Personal name Nur Fatihah
Relator term author.
245 ## - TITLE STATEMENT
Title Sistem Pencernaan yang Sihat /
Statement of responsibility, etc. Nur Fatihah.
260 ## - PUBLICATION, DISTRIBUTION, ETC.
Place of publication, distribution, etc. Johor ;
Name of publisher, distributor, etc. Pustaka Nenas ,
Date of publication, distribution, etc. 2018.
300 ## - PHYSICAL DESCRIPTION
Extent 24 pages :
Other physical details color illustrations ;
Dimensions 19 cm x 26 cm.
440 ## - SERIES STATEMENT/ADDED ENTRY--TITLE
Title Siri Jom Sihat
650 ## - SUBJECT ADDED ENTRY--TOPICAL TERM
Topical term or geographic name entry element Malaysian fiction (Malay)
650 ## - SUBJECT ADDED ENTRY--TOPICAL TERM
Topical term or geographic name entry element Children's stories
Form subdivision Malay
830 ## - SERIES ADDED ENTRY--UNIFORM TITLE
Uniform title Siri Jom Sihat
942 ## - ADDED ENTRY ELEMENTS (KOHA)
Source of classification or shelving scheme
Koha item type Teaching Resources
Holdings
Withdrawn status Lost status Source of classification or shelving scheme Damaged status Not for loan Collection code Permanent Location Current Location Shelving location Date acquired Full call number Barcode Date last seen Price effective from Koha item type
          Teaching Resources KH8 Senior School Library KH8 Senior School Library Staff Office 2023-12-19 400 NUR TRKHSL003476 2023-12-19 2023-12-19 Teaching Resources

Powered By KH8 IT Dept